000 00683nam a2200253Ia 4500
003 OSt
005 20221006144012.0
006 a|||||r|||| 00| 0
007 ta
008 221006b |||||||| |||| 00| 0 eng d
020 _c175.00
024 _a10,624
037 _cTextual
040 _aEASL
_cEASL
_beng
041 _2eng
_aeng
082 _aW464, M6
100 _aPATNAIK Prabhat Ed.
245 0 _aLenin and imperialism
_b An appraisal of theories and contemporary reality
260 _aHyderabad
_bOrient Longman
_c1986
300 _a414p.
_ccm.
490 _v Oth
942 _hW464, M6
_cTEXL
_2CC
999 _c1078710
_d1078710